[Event "FIDE Open 2012"]
[Site "Voronezh (Russia)"]
[Date "2012.06.17"]
[Round "6.34"]
[White "Mikhailov, Artem"]
[Black "Gerasko, Viacheslav"]
[Result "0-1"]
[WhiteElo "1720"]
[BlackElo "1964"]
[Annotator ""]
[Source ""]
[Remark ""]

1.e4 c5 2.Nf3 Nc6 3.d4 cxd4 4.Nxd4 d6 5.Nc3 g6 6.Bc4 Bg7 7.Nxc6
bxc6 8.Qf3 e6 9.O-O Ne7 10.Bg5 O-O 11.Rad1 Qc7 12.Qg3 e5 13.Qd3
Rd8 14.Qf3 Be6 15.Bxe6 fxe6 16.Qh3 Qd7 17.Qh4 Re8 18.Bf6 Nc8
19.Bxg7 Qxg7 20.Qg5 Qe7 21.Qg3 Nb6 22.Rd3 Rad8 23.Rfd1 Nc8 24.Qh3
Rf8 25.Ne2 Rde8 26.Rc3 Qb7 27.Rb3 Qc7 28.Rc3 Rf7 29.Qe3 Ref8
30.h3 Nb6 31.Qd3 d5 32.Ng3 Na4 33.Rb3 Nc5 34.Qc3 Nxb3 35.Qxb3
Qb6 36.Kh2 Qxf2 37.Rf1 Qd2 38.Kh1 h5 39.c3 h4 40.Rd1 Qf2 41.Nf1
Rf3 42.gxf3 Rxf3 43.Qb8+ Kh7 44.Qc7+ Kh6 45.Qxe5 Rxh3+ 46.Nh2
Qf3+ 47.Kg1 Rg3+ 0-1

[Event "FIDE Open 2012"]
[Site "Voronezh (Russia)"]
[Date "2012.06.17"]
[Round "6.37"]
[White "Bobro, Igor"]
[Black "Gagarin, Artem"]
[Result "1-0"]
[WhiteElo "1902"]
[BlackElo "1767"]
[Annotator ""]
[Source ""]
[Remark ""]

1.d4 Nf6 2.c4 e5 3.dxe5 Ng4 4.Nf3 Bc5 5.e3 Nc6 6.a3 a5 7.Nbd2
Ngxe5 8.Qc2 Qe7 9.b3 Nxf3+ 10.Nxf3 Nd4 11.Nxd4 Bxd4 12.Bb2 Bxb2
13.Qxb2 O-O 14.Bd3 Qg5 15.O-O d6 16.Qc2 h6 17.Rae1 Qc5 18.a4
f5 19.Kh1 Bd7 20.f4 Bc6 21.e4 fxe4 22.Bxe4 Rae8 23.Bxc6 Qxc6
24.Rxe8 Rxe8 25.Qc3 b6 26.f5 Re2 27.Qg3 Qe8 28.f6 Qf7 29.Kg1
Re6 30.fxg7 Qxg7 31.Qh3 Rg6 32.Qc8+ Kh7 33.Qf5 Kg8 34.Qc8+ Kh7
35.Qf5 Kh8 36.Qc8+ Kh7 37.Qf5 Qd4+ 38.Kh1 Qg7 39.Kg1 Kg8 40.Qc8+
Kh7 41.Qf5 Qd4+ 42.Kh1 Qg4 43.Qc2 Kg8 44.Qf2 Rg7 45.Qf8+ Kh7
46.Qf2 Qg6 47.Qf3 Qc2 48.Rf2 Qg6 49.Rf1 Qe8 50.Kg1 Kg8 51.Qf5
Qe3+ 52.Kh1 Qg5 53.Qf3 Qe7 54.Qf5 Qg5 55.Qf3 Qe5 56.Qa8+ Kh7
57.Qf3 Qe6 58.Qd3+ Kg8 59.Qf3 Rf7 60.Qa8+ Kg7 61.Rxf7+ Qxf7 62.h3 1-0

[Event "FIDE Open 2012"]
[Site "Voronezh (Russia)"]
[Date "2012.06.17"]
[Round "6.38"]
[White "Voischeva, Zinaida"]
[Black "Sychev, Victor"]
[Result "0-1"]
[WhiteElo "1835"]
[BlackElo "1708"]
[Annotator ""]
[Source ""]
[Remark ""]

1.e4 e5 2.Nf3 Nc6 3.Bb5 Bc5 4.c3 a6 5.Ba4 Nf6 6.O-O O-O 7.d4
exd4 8.cxd4 Ba7 9.d5 Ne7 10.Nc3 d6 11.h3 Ng6 12.Re1 Ne5 13.Bf4
Nfd7 14.Nxe5 dxe5 15.Be3 Bxe3 16.Rxe3 Nc5 17.Re2 Qg5 18.Kh1 f5 0-1

[Event "FIDE Open 2012"]
[Site "Voronezh (Russia)"]
[Date "2012.06.17"]
[Round "6.44"]
[White "Korobitsyn, Daniil"]
[Black "Sedykh, Egor"]
[Result "*"]
[WhiteElo "1905"]
[BlackElo "1793"]
[Annotator ""]
[Source ""]
[Remark ""]

1.d4 Nf6 2.Nf3 g6 3.Bg5 Ne4 4.Bf4 d5 5.e3 Bg7 6.Bd3 Nd6 7.Nbd2
O-O 8.O-O e6 9.c4 dxc4 10.Nxc4 Nxc4 11.Bxc4 c6 12.Be5 b6 13.Bxg7
Kxg7 14.Ne5 Bb7 15.Qf3 Qc7 16.Ng4 Nd7 17.e4 h5 18.Ne3 e5 19.d5
Nf6 20.Rac1 Qe7 21.Rfd1 Rfd8 22.h3 b5 23.Bb3 c5 24.Bc2 Qd6 25.Qg3
Kh7 26.Qg5 Rac8 *

[Event "FIDE Open 2012"]
[Site "Voronezh (Russia)"]
[Date "2012.06.17"]
[Round "6.45"]
[White "Parshin, Vitaly"]
[Black "Sukhareva, Valentina"]
[Result "0-1"]
[WhiteElo "1765"]
[BlackElo "1879"]
[Annotator ""]
[Source ""]
[Remark ""]

1.e4 e5 2.Nf3 d6 3.d4 Nd7 4.Bc4 c6 5.Nc3 Be7 6.dxe5 dxe5 7.O-O
Ngf6 8.Be3 O-O 9.Qe2 b5 10.Bd3 Qc7 11.Rad1 Nc5 12.a3 a5 13.b4
axb4 14.axb4 Nxd3 15.Rxd3 Bxb4 16.Bg5 Nh5 17.Rb1 Bc5 18.Nd2 Nf4
19.Bxf4 exf4 20.Nb3 Bd6 21.Rbd1 Be5 22.Qd2 Be6 23.Nc5 f3 24.g3 0-1

[Event "FIDE Open 2012"]
[Site "Voronezh (Russia)"]
[Date "2012.06.17"]
[Round "6.46"]
[White "Ajrapetian, Nikita"]
[Black "Poluektova, Anastasia"]
[Result "0-1"]
[WhiteElo "1995"]
[BlackElo "1613"]
[Annotator ""]
[Source ""]
[Remark ""]

1.d4 Nf6 2.c4 c5 3.d5 b5 4.cxb5 a6 5.bxa6 Bxa6 6.Nc3 d6 7.Nf3
g6 8.e4 Bxf1 9.Rxf1 Bg7 10.Nd2 O-O 11.f3 Nbd7 12.Nc4 Nb6 13.Qd3
Nfd7 14.Nxb6 Qxb6 15.Rf2 Ne5 16.Qe3 Nc4 17.Qd3 Qb4 18.Rc2 Rfb8
19.Kf1 Rb7 20.Nd1 Ne5 21.Qe2 Rba7 22.Bd2 Qb7 23.Bc3 Rxa2 24.Rxa2
Rxa2 25.Ne3 Qb3 26.Kf2 Ra4 27.Rd2 Ra2 28.f4 Nd7 29.Bxg7 Kxg7
30.Qc4 Rxb2 31.Qxb3 Rxb3 32.Nc4 Rb4 33.Re2 0-1

[Event "FIDE Open 2012"]
[Site "Voronezh (Russia)"]
[Date "2012.06.17"]
[Round "6.47"]
[White "Savenko, Ivan"]
[Black "Pilchuk, Mikhail"]
[Result "0-1"]
[WhiteElo "1634"]
[BlackElo "1927"]
[Annotator ""]
[Source ""]
[Remark ""]

1.Nf3 Nf6 2.d4 g6 3.h3 Bg7 4.Bf4 d6 5.e3 e6 6.Be2 Nc6 7.c3 a6
8.O-O O-O 9.Nbd2 h6 10.Qc2 Kh7 11.a3 Ng8 12.Bd3 e5 13.dxe5 Nxe5
14.Nxe5 Bxe5 15.Bxe5 dxe5 16.e4 Bd7 17.Rad1 Qe7 18.b4 a5 19.b5
Qxa3 20.Nc4 Qe7 21.b6 Bc6 22.Qb2 Nf6 23.f3 Rfd8 24.Kh2 Nh5 25.bxc7
Qxc7 26.Nb6 Rab8 27.Bc2 Nf4 28.Bb1 Kg7 29.c4 Ne6 30.Nd5 Bxd5
31.cxd5 Nd4 32.Rc1 Qd6 33.f4 f6 34.fxe5 fxe5 35.Rf2 b5 36.Rcf1
Rf8 37.Bd3 Rxf2 38.Rxf2 a4 39.Kh1 a3 40.Qa2 b4 41.Bc4 b3 42.Qb1
Qb4 0-1

[Event "FIDE Open 2012"]
[Site "Voronezh (Russia)"]
[Date "2012.06.17"]
[Round "6.51"]
[White "Soloviova, Adelia"]
[Black "Bezgodova, Tatiana"]
[Result "0-1"]
[WhiteElo "1704"]
[BlackElo "1551"]
[Annotator ""]
[Source ""]
[Remark ""]

1.d4 Nf6 2.g3 c6 3.Bg2 d5 4.Nf3 g6 5.O-O Bg7 6.Nbd2 O-O 7.c4
dxc4 8.Nxc4 Be6 9.Nce5 Nbd7 10.Re1 Nxe5 11.Nxe5 Ng4 12.Nf3 Qb6
13.h3 Nf6 14.Qc2 Nd7 15.e3 c5 16.dxc5 Nxc5 17.e4 Rac8 18.Qe2
Qb4 19.a3 Qb3 20.Qe3 Qxe3 21.Rxe3 Nb3 22.Rxb3 Bxb3 23.Rb1 Bc2
24.Ra1 Bxe4 25.Bg5 Bxb2 26.Re1 Bxf3 27.Bxf3 Bxa3 28.Bxb7 Rc7
29.Bg2 f6 30.Bf4 e5 31.Be3 Re8 32.Ra1 Bc5 33.Bxc5 Rxc5 34.Rxa7
Rc1+ 35.Kh2 Rc2 36.Ra8 Rxa8 37.Bxa8 Rxf2+ 0-1

[Event "FIDE Open 2012"]
[Site "Voronezh (Russia)"]
[Date "2012.06.18"]
[Round "7.3"]
[White "Khoroshilov, Nikita"]
[Black "Volkov, Sergei"]
[Result "1/2-1/2"]
[WhiteElo "2223"]
[BlackElo "2107"]
[Annotator ""]
[Source ""]
[Remark ""]

1.Nf3 Nf6 2.d3 d5 3.Nbd2 g6 4.g3 Bg7 5.Bg2 O-O 6.O-O Nc6 7.e4
e5 8.Re1 Re8 9.c3 a5 10.a4 h6 11.Qc2 Be6 12.b3 Qd7 13.Bb2 Rad8
14.Rad1 Bh3 15.Nf1 d4 16.cxd4 exd4 17.N1d2 Nb4 18.Qb1 Bxg2 19.Kxg2
Nh5 20.h3 g5 21.Nc4 g4 22.hxg4 Nf4+ 23.Kh1 Nh3 24.Kg2 Nf4+ 1/2-1/2

[Event "FIDE Open 2012"]
[Site "Voronezh (Russia)"]
[Date "2012.06.18"]
[Round "7.4"]
[White "Popov, Andrey"]
[Black "Skomorohov, Grigorij"]
[Result "1-0"]
[WhiteElo "2094"]
[BlackElo "2217"]
[Annotator ""]
[Source ""]
[Remark ""]

1.d4 d5 2.c4 e6 3.Nc3 f5 4.Nf3 Nf6 5.Bf4 c6 6.e3 Be7 7.Qc2 O-O
8.Bd3 Bd7 9.a3 Ne4 10.g4 Qa5 11.Ke2 Be8 12.gxf5 exf5 13.cxd5
cxd5 14.Qb3 Nxc3+ 15.bxc3 b6 16.Ne5 Ba4 17.Qb1 Bd7 18.Rg1 Kh8
19.Rg3 Be6 20.Rh3 Kg8 21.Qg1 Bf6 22.Rg3 Kh8 23.Qg2 Qxc3 24.Rg1
Rf7 25.Rh3 Kg8 26.Nxf7 Bxf7 27.Bxf5 Qc4+ 28.Kf3 h5 29.Bg5 Qc6
30.Bh6 Kf8 31.Bxg7+ Ke7 32.Bxf6+ Qxf6 33.Qg5 1-0

[Event "FIDE Open 2012"]
[Site "Voronezh (Russia)"]
[Date "2012.06.18"]
[Round "7.5"]
[White "Katkov, Vitaly"]
[Black "Baemov, Ilnur"]
[Result "0-1"]
[WhiteElo "2066"]
[BlackElo "2197"]
[Annotator ""]
[Source ""]
[Remark ""]

1.d4 Nf6 2.Bg5 Ne4 3.Bf4 c5 4.f3 Nf6 5.d5 d6 6.e4 g6 7.Nd2 Bg7
8.Bb5+ Nbd7 9.Ne2 O-O 10.a4 a6 11.Bxd7 Bxd7 12.a5 b5 13.axb6
Qxb6 14.Ra2 Bb5 15.Be3 e6 16.c4 Bd7 17.Nc3 exd5 18.cxd5 Bb5 19.Kf2
Nd7 20.Qc2 Ne5 21.Nxb5 Qxb5 22.Ra3 c4 23.Kg3 Rfc8 24.Bd4 Bh6
25.Rc3 Nd3 26.Nxc4 Bf4+ 27.Kh3 Nb4 28.Qb3 Nxd5 29.exd5 Qxd5 30.g3
Qxd4 31.Rd1 Qf6 32.gxf4 Rc5 33.Nxd6 Rh5+ 34.Kg2 Qxf4 35.Qxf7+
Qxf7 36.Nxf7 Kxf7 37.Rc7+ Ke6 0-1

[Event "FIDE Open 2012"]
[Site "Voronezh (Russia)"]
[Date "2012.06.18"]
[Round "7.6"]
[White "Egorenkov, Igor"]
[Black "Purtov, Konstantin"]
[Result "1/2-1/2"]
[WhiteElo "2133"]
[BlackElo "2083"]
[Annotator ""]
[Source ""]
[Remark ""]

1.d4 d5 2.Nf3 Bf5 3.e3 e6 4.Bd3 Bxd3 5.Qxd3 Nd7 6.Nbd2 Ngf6 7.O-O
Bd6 8.c4 O-O 9.e4 dxe4 10.Nxe4 Be7 11.Rd1 c5 12.Be3 cxd4 13.Bxd4
Qc7 14.Nxf6+ Bxf6 15.Bxf6 Nxf6 16.b3 Rfd8 17.Qe3 Qa5 18.Ne5 Qxa2
19.g4 Qc2 20.Rxd8+ Rxd8 21.Qxa7 Nxg4 22.Qd4 Qc1+ 23.Kg2 Qg5 24.Qxg4
Qxe5 1/2-1/2

[Event "FIDE Open 2012"]
[Site "Voronezh (Russia)"]
[Date "2012.06.18"]
[Round "7.7"]
[White "Filippov, Ivan"]
[Black "Fadin, Evgeny"]
[Result "0-1"]
[WhiteElo "2035"]
[BlackElo "2122"]
[Annotator ""]
[Source ""]
[Remark ""]

1.d4 Nf6 2.c4 g6 3.Nc3 Bg7 4.e4 d6 5.f3 O-O 6.Be3 Nc6 7.Nge2
a6 8.Qd2 Re8 9.Rd1 e5 10.d5 Ne7 11.Nc1 Nd7 12.Nd3 f5 13.Be2 Nf6
14.Bg5 Bd7 15.c5 Rf8 16.O-O f4 17.Nxe5 dxe5 18.d6 Be6 19.dxe7
Qxe7 20.b4 Qf7 21.Qc2 Nd7 22.Nd5 Nb8 23.Qb2 Nc6 24.Rc1 Kh8 25.Bc4
Nd4 26.Rfd1 Rab8 27.Kh1 Rfe8 28.a4 b5 29.axb5 axb5 30.Ba2 Ra8
31.Ra1 c6 32.Nc3 Bxa2 33.Rxa2 Qc4 34.Raa1 Nb3 35.Rab1 Nd4 36.Ra1
Rxa1 37.Rxa1 h6 38.Bh4 g5 39.Bf2 Re7 40.h3 Kh7 41.Kh2 h5 42.Rc1
Ra7 43.Nb1 Ra2 44.Bxd4 Rxb2 45.Bxb2 Qxb4 0-1

[Event "FIDE Open 2012"]
[Site "Voronezh (Russia)"]
[Date "2012.06.18"]
[Round "7.8"]
[White "Manukovsky, Vladimir"]
[Black "Orekhov, Nikolai"]
[Result "1-0"]
[WhiteElo "2238"]
[BlackElo "2038"]
[Annotator ""]
[Source ""]
[Remark ""]

1.Nf3 Nf6 2.b3 g6 3.Bb2 Bg7 4.g3 O-O 5.Bg2 d6 6.d4 c5 7.O-O cxd4
8.Nxd4 d5 9.Nd2 Nbd7 10.c4 Ne5 11.cxd5 Nxd5 12.Rc1 Bg4 13.h3
Nd3 14.Nc4 Nxc1 15.Qxc1 e5 16.Nxe5 Bxe5 17.hxg4 Qa5 18.Rd1 Bg7
19.Bxd5 Qxd5 20.Nf5 Qxd1+ 21.Qxd1 Bxb2 22.Ne7+ Kh8 23.g5 Rfd8
24.Qc2 Bg7 25.e4 Rd7 26.Nd5 h6 27.Qd2 hxg5 28.Qxg5 Re8 29.f3
Kg8 30.g4 Re6 31.Kg2 Kf8 32.Qd2 Rc6 33.g5 Ke8 34.a4 Rc3 35.b4
Rb3 36.Qf4 Rb2+ 37.Kh3 Rb3 38.Kg4 Rb1 1-0

[Event "FIDE Open 2012"]
[Site "Voronezh (Russia)"]
[Date "2012.06.18"]
[Round "7.9"]
[White "Karavaeva, Nadezhda"]
[Black "Talipov, Nafis"]
[Result "0-1"]
[WhiteElo "2027"]
[BlackElo "2160"]
[Annotator ""]
[Source ""]
[Remark ""]

1.e4 c6 2.d4 d6 3.Nf3 Nd7 4.Bf4 Qc7 5.Nc3 e5 6.Bg3 Ngf6 7.Be2
Be7 8.Qd2 b5 9.a3 O-O 10.O-O Bb7 11.Nh4 Rfe8 12.Nf5 Bf8 13.f3
a5 14.dxe5 dxe5 15.Qg5 Kh8 16.Rad1 h6 17.Qh4 b4 18.Nb1 Ng8 19.c3
g6 20.Ne3 Ndf6 21.Ng4 Nh5 22.Bc4 Bg7 23.Bf2 bxa3 24.Nxa3 Ngf6
25.Be3 g5 26.Qf2 Nxg4 27.fxg4 Nf6 28.Bb6 Qe7 29.Bc5 Nxe4 30.Bxe7
Nxf2 31.Rd7 Bc8 32.Rc7 Ne4 33.Bxf7 Bxg4 34.Bxe8 Rxe8 35.Nc4 Be2
36.Re1 Bxc4 37.Rxe4 Bd5 38.Re1 Rb8 39.Ba3 a4 {%07-2125459392}
40.Ra7 Bb3 41.Bd6 Re8 42.Ra6 e4 43.Rxc6 e3 44.Rb6 e2 45.Rb8 Rxb8
46.Bxb8 Bd1 47.Bd6 Kg8 48.Kf2 Kf7 49.Rxe2 Bxe2 50.Kxe2 Ke6 51.Ba3
Be5 52.h3 h5 53.c4 g4 54.hxg4 hxg4 55.Ke3 Kf5 56.c5 Bc7 57.Bb4
Ke5 58.Bc3+ Kd5 59.Bd4 Ba5 60.Kd3 Bb4 61.c6 Bd6 62.Bc3 Bc7 63.Bg7
Kxc6 64.Ke4 Kb5 65.Kf5 g3 66.Ke4 Kc4 67.Bf6 Bd6 68.Bg7 Kb3 69.Kd3
Bf4 70.Ke4 Bc1 71.Kf3 Bxb2 72.Bf8 Be5 0-1

[Event "FIDE Open 2012"]
[Site "Voronezh (Russia)"]
[Date "2012.06.18"]
[Round "7.10"]
[White "Makarkin, Zhan"]
[Black "Polyansky, Viktor"]
[Result "1-0"]
[WhiteElo "2126"]
[BlackElo "2009"]
[Annotator ""]
[Source ""]
[Remark ""]

1.e4 c5 2.Nf3 Nc6 3.d4 cxd4 4.Nxd4 Nf6 5.Nc3 e6 6.Ndb5 Bb4 7.a3
Bxc3+ 8.Nxc3 d5 9.exd5 exd5 10.Bb5 O-O 11.O-O h6 12.Bd3 Be6 13.Qe2
Ne7 1-0

[Event "FIDE Open 2012"]
[Site "Voronezh (Russia)"]
[Date "2012.06.18"]
[Round "7.11"]
[White "Bezgodova, Svetlana"]
[Black "Alieva, Alexandra"]
[Result "1-0"]
[WhiteElo "2120"]
[BlackElo "1970"]
[Annotator ""]
[Source ""]
[Remark ""]

1.Nf3 d5 2.d3 Nf6 3.Nbd2 Bf5 4.c4 e6 5.g3 Bd6 6.Bg2 h6 7.O-O
O-O 8.b3 Nbd7 9.Bb2 c6 10.e4 Bg4 11.Qc2 e5 12.h3 Be6 13.exd5
cxd5 14.Rfe1 Qc7 15.Rac1 Bf5 16.c5 Nxc5 17.Bxe5 Rac8 18.Bxf6
gxf6 19.Qb2 Qd8 20.Bf1 Kg7 21.Qd4 Ne6 22.Qxd5 Rxc1 23.Rxc1 Ba3
24.Qxf5 Bxc1 25.Ne4 Ng5 26.Nfxg5 hxg5 27.Qc5 Bb2 28.Nd2 Qd7 29.Nf3
g4 30.Nh4 Bd4 31.Qxd4 Qxd4 32.Nf5+ Kg6 33.Nxd4 gxh3 34.Nb5 Rd8
35.d4 Rc8 36.Bxh3 1-0

[Event "FIDE Open 2012"]
[Site "Voronezh (Russia)"]
[Date "2012.06.18"]
[Round "7.12"]
[White "Zhileykin, Andrey"]
[Black "Kalinin, Nikita"]
[Result "0-1"]
[WhiteElo "1889"]
[BlackElo "2199"]
[Annotator ""]
[Source ""]
[Remark ""]

1.d4 d5 2.c4 c6 3.Nc3 Nf6 4.e3 e6 5.Bd2 Nbd7 6.Rc1 Bd6 7.c5 Bc7
8.f4 O-O 9.Nf3 Ne8 10.Bd3 f6 11.O-O e5 12.Be2 e4 13.Ne1 f5 14.b4
g5 15.b5 Ng7 16.Qa4 Rf6 17.Qb3 Nf8 18.Na4 Nfe6 19.Nc2 Rh6 20.b6
axb6 21.cxb6 Bd6 22.g3 Qf6 23.Rf2 gxf4 24.gxf4 Bd7 25.Rg2 Kh8
26.Be1 Bxf4 27.Bg3 Bxg3 28.hxg3 Ng5 29.Kf2 N7e6 30.Ke1 Nf3+ 31.Kf2
Rg8 32.Ne1 Nfg5 33.Nf3 exf3 34.Bxf3 0-1

[Event "FIDE Open 2012"]
[Site "Voronezh (Russia)"]
[Date "2012.06.18"]
[Round "7.13"]
[White "Grachev, Andrey"]
[Black "Khazieva, Elza"]
[Result "0-1"]
[WhiteElo "1996"]
[BlackElo "2068"]
[Annotator ""]
[Source ""]
[Remark ""]

1.e4 c5 2.Nf3 d6 3.c3 Nf6 4.Be2 g6 5.O-O Bg7 6.Bb5+ Nbd7 7.Re1
a6 8.Bf1 O-O 9.d4 e5 10.a4 b6 11.Na3 Bb7 12.d5 Nh5 13.Be3 Qe7
14.Nc4 Rab8 15.Be2 Bh8 16.Bh6 Bg7 17.Qd2 Ndf6 18.Bf1 Bc8 19.b4
Bxh6 20.Qxh6 Ng4 21.Qg5 f6 22.Qd2 Kg7 23.bxc5 bxc5 24.Reb1 Rxb1
25.Rxb1 Nf4 26.g3 Nh5 27.Rb6 Rd8 28.h3 Nh6 29.Nh2 Nf7 30.Ne3
Qd7 31.Qc2 0-1

[Event "FIDE Open 2012"]
[Site "Voronezh (Russia)"]
[Date "2012.06.18"]
[Round "7.15"]
[White "Magrifin, Iljanor"]
[Black "Gunchenko, Vadim"]
[Result "1/2-1/2"]
[WhiteElo "2115"]
[BlackElo "1893"]
[Annotator ""]
[Source ""]
[Remark ""]

1.Nf3 Nf6 2.c4 e6 3.g3 d5 4.Bg2 c6 5.O-O Be7 6.b3 O-O 7.Bb2 Nbd7
8.d3 b6 9.Nbd2 Bb7 10.e4 dxe4 11.dxe4 c5 12.Qe2 Qc7 13.e5 Ne8
14.Rfe1 Bc6 15.Rad1 Qb7 16.Ne4 Rd8 17.Qe3 Bxe4 18.Qxe4 Qxe4 19.Rxe4
Nc7 20.Ree1 Nb8 21.Nd2 Rd7 22.Kf1 Rfd8 23.Ke2 f5 24.h4 g6 25.f4
h5 26.Nf1 Rxd1 27.Rxd1 Rxd1 28.Kxd1 Kf7 29.Ne3 Ke8 30.Nc2 Kd7
31.Ne1 Nc6 32.Nd3 a5 33.Bc1 Nb4 34.Nxb4 cxb4 1/2-1/2

[Event "FIDE Open 2012"]
[Site "Voronezh (Russia)"]
[Date "2012.06.18"]
[Round "7.16"]
[White "Markevich, Arseniy"]
[Black "Kubatko, Ivan"]
[Result "0-1"]
[WhiteElo "2033"]
[BlackElo "2229"]
[Annotator ""]
[Source ""]
[Remark ""]

1.d4 d5 2.Nf3 c5 3.Bf4 g6 4.e3 Nd7 5.Nbd2 Bg7 6.Bd3 b6 7.Ne5
Bb7 8.c3 Ngf6 9.h3 O-O 10.O-O Nxe5 11.Bxe5 Qc8 12.Qf3 Rd8 13.Rfe1
Bc6 14.Qe2 a5 15.e4 dxe4 16.Nxe4 Qb7 17.Bxf6 exf6 18.dxc5 bxc5
19.Nxc5 Qb6 20.Ne4 f5 21.Ng5 Re8 22.Qc2 Bf6 23.Nf3 Qb7 24.Bf1
Reb8 25.Re2 Be4 26.Qd2 Rd8 27.Qf4 Rab8 28.Rae1 Kg7 29.a3 Rd7
30.Ne5 Qc7 31.Rxe4 fxe4 32.Rxe4 Rd1 33.Nd3 Qxf4 34.Rxf4 Bxc3
35.bxc3 Rbb1 36.Kh2 Rxf1 0-1

[Event "FIDE Open 2012"]
[Site "Voronezh (Russia)"]
[Date "2012.06.18"]
[Round "7.17"]
[White "Kalinin, Nikita"]
[Black "Estrada, Victor"]
[Result "1/2-1/2"]
[WhiteElo "2199"]
[BlackElo "1861"]
[Annotator ""]
[Source ""]
[Remark ""]

1.e4 e5 2.Nf3 Nc6 3.d4 exd4 4.Nxd4 Qf6 5.Be3 Bc5 6.c3 Nge7 7.Bc4
a6 8.O-O O-O 9.Kh1 Ne5 10.Be2 d6 11.f4 N5c6 12.Bg1 Qg6 13.Nxc6
Nxc6 14.Bxc5 dxc5 15.Nd2 Rd8 16.Qc2 Bg4 17.Bxg4 Qxg4 18.e5 Qe2
19.Rad1 Rd5 20.Rfe1 Qf2 21.Rf1 Qe2 22.Rfe1 Qf2 1/2-1/2

[Event "FIDE Open 2012"]
[Site "Voronezh (Russia)"]
[Date "2012.06.18"]
[Round "7.18"]
[White "Mokshin, Maksim"]
[Black "Kiselev, Maxim"]
[Result "0-1"]
[WhiteElo "1948"]
[BlackElo "2187"]
[Annotator ""]
[Source ""]
[Remark ""]

1.Nf3 Nf6 2.g3 d5 3.d3 c6 4.Bg2 Bf5 5.Nh4 Bc8 6.O-O e5 7.e4 Bg4
8.Qe1 dxe4 9.h3 Be6 10.Nc3 exd3 11.cxd3 Qxd3 12.Qxe5 Nbd7 13.Qa5
Bc5 14.Bf4 Nb6 0-1

[Event "FIDE Open 2012"]
[Site "Voronezh (Russia)"]
[Date "2012.06.18"]
[Round "7.19"]
[White "Pavlov, Nikolay"]
[Black "Ioffe, Evgeny"]
[Result "1-0"]
[WhiteElo "2087"]
[BlackElo "2046"]
[Annotator ""]
[Source ""]
[Remark ""]

1.d4 d5 2.Nf3 Nf6 3.c4 c6 4.e3 Bf5 5.Nc3 e6 6.Nh4 Bg4 7.Qb3 Qb6
8.h3 Bh5 9.g4 Bg6 10.Nxg6 hxg6 11.Bg2 Nbd7 12.Bd2 Be7 13.g5 Ng8
14.h4 Qb4 15.c5 Qxb3 16.axb3 a6 17.b4 O-O-O 18.e4 Re8 19.b5 Bd8
20.bxa6 bxa6 21.Rxa6 Nb8 22.Ra7 Re7 23.Ra8 Rb7 24.exd5 1-0

[Event "FIDE Open 2012"]
[Site "Voronezh (Russia)"]
[Date "2012.06.18"]
[Round "7.20"]
[White "Zhukov, Viktor"]
[Black "Avtsynov, Artyom"]
[Result "1/2-1/2"]
[WhiteElo "2033"]
[BlackElo "2033"]
[Annotator ""]
[Source ""]
[Remark ""]

1.e4 d6 2.d4 Nf6 3.Nc3 g6 4.f4 Bg7 5.Nf3 O-O 6.e5 Nfd7 7.h4 c5
8.e6 fxe6 9.h5 gxh5 10.Rxh5 Nf6 11.Rh4 cxd4 12.Nxd4 Nc6 13.Be3
Nxd4 14.Bxd4 e5 15.Bc4+ Kh8 16.fxe5 dxe5 17.Bxe5 Bf5 18.Qe2 a6
19.Rd1 Qc8 20.Bd3 Bg4 21.Qe3 Qe6 22.Be2 Bxe2 23.Qxe2 Bh6 24.Bf4
Qxe2+ 25.Kxe2 e5 26.Bxe5 Rac8 27.Re4 Bg7 28.Bxf6 Bxf6 29.Rf1
Kg7 30.Rff4 1/2-1/2

[Event "FIDE Open 2012"]
[Site "Voronezh (Russia)"]
[Date "2012.06.18"]
[Round "7.21"]
[White "Popov, Kirill"]
[Black "Matveenko, Yury"]
[Result "0-1"]
[WhiteElo "1983"]
[BlackElo "2077"]
[Annotator ""]
[Source ""]
[Remark ""]

1.e4 c6 2.d4 d5 3.e5 Bf5 4.h4 h6 5.g4 Bd7 6.h5 e6 7.f4 c5 8.c3
Qb6 9.Nf3 Nc6 10.a3 cxd4 11.cxd4 Na5 12.Nbd2 Bb5 13.b4 Nc6 14.f5
Bxf1 15.Nxf1 a5 16.fxe6 fxe6 17.Qd3 axb4 18.Ne3 Qa6 19.Qg6+ Kd7
20.Kf2 Nge7 21.Qb1 Nc8 22.Bd2 bxa3 23.Nxd5 exd5 24.e6+ Kd8 25.Qb3
Nb6 26.Rhb1 Nc4 27.Bf4 Be7 28.Kg3 Rf8 29.Be5 Bf6 30.Bxf6+ Rxf6
31.Ne5 Rxe6 32.Qf3 N6xe5 33.dxe5 Rxe5 34.Qf8+ Re8 35.Qxg7 Qd6+
36.Kf2 Qe6 37.Kg1 Ne3 38.Ra2 Qxg4+ 39.Qxg4 Nxg4 0-1

[Event "FIDE Open 2012"]
[Site "Voronezh (Russia)"]
[Date "2012.06.18"]
[Round "7.23"]
[White "Dyakonova, Ekaterina"]
[Black "Torshin, Anton"]
[Result "0-1"]
[WhiteElo "1919"]
[BlackElo "2135"]
[Annotator ""]
[Source ""]
[Remark ""]

1.e4 c5 2.Nf3 d6 3.c3 Nf6 4.Be2 Bd7 5.d3 g6 6.h3 Bg7 7.Be3 O-O
8.O-O Nc6 9.Nbd2 e5 10.d4 exd4 11.cxd4 cxd4 12.Nxd4 Re8 13.Bf3
Ne5 14.Re1 Nd3 15.Rf1 Nxb2 16.Qb3 Na4 17.Qxb7 Nc5 18.Qb1 Ba4
19.Bg5 h6 20.Bxf6 Qxf6 21.N2b3 Rab8 22.Re1 Bxb3 23.Nxb3 Nxb3
24.axb3 Qxa1 25.Qxa1 Bxa1 26.Rxa1 0-1

[Event "FIDE Open 2012"]
[Site "Voronezh (Russia)"]
[Date "2012.06.18"]
[Round "7.24"]
[White "Kasantsev, Anatolij B."]
[Black "Bobro, Igor"]
[Result "1-0"]
[WhiteElo "2080"]
[BlackElo "1902"]
[Annotator ""]
[Source ""]
[Remark ""]

1.d4 d5 2.c4 c6 3.Nf3 Nf6 4.Nc3 e6 5.Bg5 Nbd7 6.cxd5 exd5 7.e3
Bd6 8.Bd3 O-O 9.Qc2 h6 10.Bh4 Re8 11.O-O b5 12.Kh1 Qb6 13.Rfc1
Bb7 14.Ne2 a5 15.Bg3 Bf8 16.Ne5 Nxe5 17.Bxe5 Ne4 18.f3 Nd6 19.Bxd6
Bxd6 20.e4 Rac8 21.e5 Bf8 22.f4 c5 23.Bf5 Rc7 24.dxc5 Rxc5 25.Qd3
Bc8 26.Rxc5 Bxf5 27.Qxf5 Bxc5 1-0

[Event "FIDE Open 2012"]
[Site "Voronezh (Russia)"]
[Date "2012.06.18"]
[Round "7.25"]
[White "Bargandzhiya, Zaza"]
[Black "Malikov, Sergey"]
[Result "1-0"]
[WhiteElo "2070"]
[BlackElo "1826"]
[Annotator ""]
[Source ""]
[Remark ""]

1.e4 e5 2.Nf3 Nf6 3.d4 Nxe4 4.Nxe5 d5 5.Bd3 Bd6 6.c4 Nf6 7.Bg5
c5 8.cxd5 cxd4 9.Nf3 Bg4 10.h3 Bxf3 11.Qxf3 Nbd7 12.Nd2 h6 13.Bh4
Ne5 14.Qf5 Nxd3+ 15.Qxd3 g5 16.Bg3 Nh5 17.Bxd6 Qxd6 18.Qxd4 Rd8
19.Qg4 Nf6 20.Qf3 1-0

[Event "FIDE Open 2012"]
[Site "Voronezh (Russia)"]
[Date "2012.06.18"]
[Round "7.26"]
[White "Grishchenko, Vladimir"]
[Black "Aleksandrov, Grigoriy"]
[Result "1/2-1/2"]
[WhiteElo "2069"]
[BlackElo "1819"]
[Annotator ""]
[Source ""]
[Remark ""]

1.Nf3 d5 2.g3 g6 3.Bg2 Bg7 4.d3 e6 5.O-O Ne7 6.Nbd2 b6 7.e4 dxe4
8.Ng5 Bb7 9.Ngxe4 Nd7 10.Nf6+ Nxf6 11.Bxb7 Rb8 12.Bg2 O-O 13.Nc4
Nfd5 14.a4 a5 15.h4 h5 16.Re1 Nf5 17.Bg5 Qd7 18.Bf3 Nd6 19.g4
Nxc4 20.dxc4 Nf6 21.Qxd7 Nxd7 22.gxh5 gxh5 23.Bxh5 Ne5 1/2-1/2

[Event "FIDE Open 2012"]
[Site "Voronezh (Russia)"]
[Date "2012.06.18"]
[Round "7.27"]
[White "Kozhevnikov, Ivan"]
[Black "Klimentov, Evgeny"]
[Result "1-0"]
[WhiteElo "2068"]
[BlackElo "1818"]
[Annotator ""]
[Source ""]
[Remark ""]

1.e4 c5 2.Nf3 d6 3.d4 cxd4 4.Nxd4 Nf6 5.Nc3 g6 6.Be3 Bg7 7.f3
Nc6 8.Qd2 O-O 9.O-O-O Bd7 10.g4 Ne5 11.h4 Rc8 12.Kb1 Qa5 13.Be2
Nc4 14.Bxc4 Rxc4 15.Nb3 Qc7 16.e5 Ne8 17.Nd5 Qd8 18.Bg5 f6 19.Nxf6+
exf6 20.Qd5+ Kh8 21.exf6 Bxf6 22.Bxf6+ Qxf6 23.Qxc4 Be6 24.Qd4
Qxd4 25.Nxd4 Bd5 26.Rhf1 Nf6 27.b3 a6 28.c4 Bf7 29.Rfe1 Kg8 30.Ne6
Re8 31.Ng5 Rf8 32.Ne4 Nxe4 33.Rxe4 g5 34.h5 Rd8 35.Red4 d5 36.cxd5
Rd6 37.Re1 Kg7 38.Re5 h6 1-0

[Event "FIDE Open 2012"]
[Site "Voronezh (Russia)"]
[Date "2012.06.18"]
[Round "7.28"]
[White "Shcherbakov, Nikolay"]
[Black "Gataullin, Artur"]
[Result "1-0"]
[WhiteElo "1802"]
[BlackElo "2064"]
[Annotator ""]
[Source ""]
[Remark ""]

1.e4 e5 2.Nf3 Nc6 3.Nc3 Nf6 4.Be2 Bc5 5.O-O a6 6.Nxe5 Nxe5 7.d4
Bd6 8.dxe5 Bxe5 9.Bd2 O-O 10.Bd3 Re8 11.Re1 d6 12.f3 Bd4+ 13.Be3
Bxe3+ 14.Rxe3 d5 15.Re1 dxe4 16.Bxe4 Nxe4 17.Qxd8 Rxd8 18.Rxe4
Bf5 19.Re2 Kf8 20.Rae1 Rd7 21.Ne4 b6 22.Kf2 Rad8 23.h3 h5 24.Ng3
Bg6 25.Ne4 f6 26.b3 Rd5 27.c3 Rd3 28.c4 R3d4 29.g3 c5 30.Nc3
Rd3 31.Nd5 1-0

[Event "FIDE Open 2012"]
[Site "Voronezh (Russia)"]
[Date "2012.06.18"]
[Round "7.29"]
[White "Kostitsina, Liubov"]
[Black "Sychev, Victor"]
[Result "1-0"]
[WhiteElo "2053"]
[BlackElo "1708"]
[Annotator ""]
[Source ""]
[Remark ""]

1.e4 e5 2.Nf3 Nc6 3.Bb5 Bc5 4.O-O d6 5.c3 a6 6.Ba4 b5 7.Bb3 Nf6
8.Re1 Be6 9.Bc2 Bg4 10.d3 O-O 11.Nbd2 Ne7 12.h3 Bh5 13.Nf1 h6
14.Ng3 Bg6 15.Nh4 Bh7 16.Qf3 Ng6 17.Nhf5 Kh8 18.h4 Rg8 19.Bb3
Nf4 20.d4 Bb6 21.Bxf4 exf4 22.Qxf4 Bg6 23.Rad1 Nh5 24.Nxh5 Bxh5
25.Nxh6 Rf8 26.Rd3 Qf6 27.Qxf6 gxf6 28.Nf5 Rae8 29.Kh2 Bg6 30.Rde3
c5 31.dxc5 Bxc5 32.R1e2 Re5 33.f4 Rfe8 34.g4 b4 35.h5 Bh7 1-0